| 000 | 00925nas a2200277 4500 | ||
|---|---|---|---|
| 001 | BR0704108 | ||
| 003 | BR-BrBNA | ||
| 005 | 20231205111104.0 | ||
| 007 | ta | ||
| 008 | 230509b bl.|||p| |||| 00| 00por d | ||
| 040 |
_aBR-BrBNA _bpor _cBiblioteca Nacional de Agricultura |
||
| 041 | _a(Pt) | ||
| 072 | _aP10 | ||
| 100 | 1 | _aVieira, R.H.S.F. dos | |
| 100 | 1 | _aEvangelista, N.S.S. de | |
| 100 | 1 | _aRodrigues, D.P. dos | |
| 245 | 1 | _aColimetria das águas marinhas de Fortaleza (Ceará,Brasil)e detecção de cepas de Escherichia coli enteroinvasora (EIEC)e enteropatogênica (EPEC) | |
| 650 | _aTRATAMENTO DA ÁGUA | ||
| 650 | _aPOLUIÇÃO MARINHA | ||
| 650 | _aBACTÉRIA PATOGÊNICA | ||
| 650 | _aANTIBIÓTICO | ||
| 650 | _aCEARÁ | ||
| 773 | 0 |
_tArquivos e Ciências do Mar (Brazil) _xISSN 0374-5686 _g(1996), v. 30(1-2) p. 27-31 _wBR0704108 |
|
| 909 |
_a202311 _bLúcia _c55 _dLúcia Elande |
||
| 942 |
_2AGRIS _n0 _cANA |
||
| 999 |
_c190579 _d190579 |
||